| 000 | 00945 a2200217 4500 | ||
|---|---|---|---|
| 001 | 37599 | ||
| 005 | 20260407155643.0 | ||
| 008 | 260407a1976 arg spa d | ||
| 003 | AR-UNSa-BCEJYS | ||
| 040 |
_aAR-UNSa-BCEJYS _bspa _cAR-UNSa-BCEJYS |
||
| 080 |
_a51-7 _xEstudios y métodos matemáticos en otros campos del conocimiento. Matemáticas científicas. Matemáticas actuariales (Matemáticas Financieras) |
||
| 245 | 1 | 0 | _aMatemática financiera |
| 264 | 1 |
_aBuenos Aires : _bKapelusz _c1976 |
|
| 300 |
_a247 p. _c23 cm. |
||
| 505 | _a1. Revisión - 2. Capitalización - 3. Actualización - 4. Imposiciones a interés compuesto - 5. Amortizaciones e interés compuesto - 6. Rentas - 7. Sistemas de amortización | ||
| 041 | _aspa | ||
| 942 | _cBK | ||
| 590 | _aniveau_biblio:m niveau_hierar:0 | ||
| 100 | 1 | _aDi Vincenzo, Osvaldo N. | |
| 856 | 4 | 1 |
_uhttps://biblioeco.unsa.edu.ar/pmb/images/libros/L125679.jpg _yImagen de portada _qimage/jpeg |
| 999 |
_c2771 _d2771 |
||